Changes of state

সংরক্ষণ করুন:
গ্রন্থ-পঞ্জীর বিবরন
প্রধান লেখক: Geddes, Gary
বিন্যাস: গ্রন্থ
ভাষা:Undetermined
প্রকাশিত: Canadá Coteau books 1986
বিষয়গুলি:
ট্যাগগুলো: ট্যাগ যুক্ত করুন
কোনো ট্যাগ নেই, প্রথমজন হিসাবে ট্যাগ করুন!

MARC

LEADER 00000nam a2200000Ia 4500
008 170316s9999 xx 000 0 und d
040 |a cru BVZT 
090 |a 818 G-6.1c 
100 |a Geddes, Gary 
245 |a Changes of state 
260 |a Canadá 
260 |b Coteau books 
260 |c 1986 
300 |a 66 páginas 
650 |a LITERATURA CANADIENSE 
999 |c 6455  |d 6455 
942 |c 15 D  |h 818 G-6.1c  |2 z